Vector mechanics for engineers (Record no. 4856)

000 -LEADER
fixed length control field 00594nam a2200217 a 4500
001 - CONTROL NUMBER
control field 4856
003 - CONTROL NUMBER IDENTIFIER
control field BD-DhUET
008 - FIXED-LENGTH DATA ELEMENTS--GENERAL INFORMATION
fixed length control field 840307s1984 nyua 001 0 eng
020 ## - INTERNATIONAL STANDARD BOOK NUMBER
International Standard Book Number 0070044384
040 ## - CATALOGING SOURCE
Original cataloging agency DLC
Transcribing agency DLC
Modifying agency BD-DhUET
082 00 - DEWEY DECIMAL CLASSIFICATION NUMBER
Classification number 620.1
Item number BEE/1984
100 ## - MAIN ENTRY--PERSONAL NAME
Personal name Beer, Ferdinand P.
245 10 - TITLE STATEMENT
Title Vector mechanics for engineers
Remainder of title statics and dynamics
250 ## - EDITION STATEMENT
Edition statement 4th ed.
260 ## - PUBLICATION, DISTRIBUTION, ETC. (IMPRINT)
Place of publication, distribution, etc. New York
Name of publisher, distributor, etc. McGraw-Hill
Date of publication, distribution, etc. 1984
300 ## - PHYSICAL DESCRIPTION
Extent xxi, 926 p.
Other physical details ill.
Dimensions 24 cm.
504 ## - BIBLIOGRAPHY, ETC. NOTE
Bibliography, etc Includes bibliographies
650 #0 - SUBJECT ADDED ENTRY--TOPICAL TERM
Topical term or geographic name as entry element Engineering instruments
700 1# - ADDED ENTRY--PERSONAL NAME
Personal name Johnston, E. Russell
942 ## - ADDED ENTRY ELEMENTS (KOHA)
Koha item type General Book
Holdings
Lost status Koha issues (times borrowed) Koha normalized classification for sorting Shelving location Copy number Sublocation or collection (holding branch) Koha full call number Piece designation (barcode) Location (home branch) Koha item type Koha date last borrowed Damaged status Not for loan Withdrawn status Source of classification or shelving scheme Price effective from Koha date last seen Date acquired
  620_100000000000000_BEE_1984Circulation section1Central Library, BUET620.1/BEE/198466051Central Library, BUETGeneral Book     2014-11-232015-12-082014-11-23
 2620_000000000000000_1BEE1984Circulation section1Central Library, BUET620.1/BEE/198466042Central Library, BUETGeneral Book2022-06-12    2014-11-242022-06-202014-11-24
 4620_100000000000000_BEE_1984Circulation section1Central Library, BUET620.1/BEE/198466086Central Library, BUETGeneral Book2023-01-10    2014-11-292023-06-072014-11-29
 1620_100000000000000_BEE_1984Circulation section49Central Library, BUET620.1 /BEE/198466044Central Library, BUETGeneral Book2025-04-30    2014-12-112025-05-282014-12-11
  620_100000000000000_BEE_1984Circulation section1Central Library, BUET620.1/BEE/198466012Central Library, BUETGeneral Book     2014-12-112015-02-232014-12-11
  620_100000000000000_BEE_1984Circulation section6Central Library, BUET620.1/BEE/198466043Central Library, BUETGeneral Book     2015-01-192015-12-222015-01-19
 1620_100000000000000_BEE_1984Circulation section7Central Library, BUET620.1/BEE/198481336Central Library, BUETGeneral Book2022-11-21    2015-02-162022-12-132015-02-16
 1620_100000000000000_BEE_1984Circulation section1Central Library, BUET620.1/BEE/198466048Central Library, BUETGeneral Book2018-04-18    2015-04-012018-04-302015-04-01
  620_100000000000000_BEE_1984Reading section9Central Library, BUET620.1/BEE/198466015Central Library, BUETReading Item     2015-06-212015-06-212015-06-21
  620_100000000000000_BEE_1984Reading section10Central Library, BUET620.1/BEE/198466014Central Library, BUETGeneral Book     2015-06-222015-06-222015-06-22
  620_100000000000000_BEE_1984Reading section11Central Library, BUET620.1/BEE/198466013Central Library, BUETGeneral Book     2015-06-222015-06-222015-06-22
  620_010000000000000_BEE_1984Reading section12Central Library, BUET620.01/BEE/198466095Central Library, BUETReading Item     2015-06-292015-06-292015-06-29
  620_100000000000000_BEE_1984Circulation section13Central Library, BUET620.1/BEE/198475502Central Library, BUETGeneral Book     2015-07-282015-07-282015-07-28